| 000 | 00496nam a2200169 a 4500 | ||
|---|---|---|---|
| 001 | 16 | ||
| 003 | CDMR | ||
| 005 | 20131007110509.0 | ||
| 008 | 130130s1978||||||||||||||||||||||||||||d | ||
| 020 | _a8433455060 | ||
| 040 |
_aCDMR _bcat _cCDMR |
||
| 245 | 1 | 3 |
_aLa Nueva Era _b: antología de una revista revolucionaria 1930-36 _cintroducción y selección de Víctor Alba |
| 260 |
_aMadrid _c1978 _bJúcar |
||
| 490 | 0 |
_aCrónica general de España _v6 |
|
| 700 | 1 |
_919 _aAlba, Víctor _eed. |
|
| 942 |
_cMON _2udc |
||
| 999 |
_c16 _d16 |
||